000 03077njm0a2200505 4500
001 RU\NLR\ONIZ\307594
005 20260215045246.0
035 _a(NLR Aleph) 022722383
071 0 0 _aА10 00071-2 004
090 _a13550547
_c13550547
100 _a20250425d1984 u y0rusy50 ca
102 _aRU
126 _aabbxexu ux
_bxxx
127 _a004200
145 0 _ab
200 1 _aФрески Дионисия
_bЗвукозапись
_eдля 9 инструментов
_aТетрадь для юношества
_e15 пьес для фортепиано
_fР. Щедрин
_gисполняют: Родион Щедрин, фортепиано (2), ансамбль солистов оркестра Большого тестра СССР, дирижер Александр Лазарев (1)
203 _aМузыка
_bисполнительская
_cаудио
210 _aМосква
_cМелодия
_gОпытный завод "Грамзапись"
_d[1984]
_eМосква
215 _a1 грп. [ГОСТ 5289-80] (42 мин) : 33 об/мин, стерео
_d30 см, в конв.
300 _aЗапись 1983 г. (цифровая)
300 _aКоммент. на конв.
600 1 _aДионисий
_fоколо 1440—1503/08
_cиконописец
_xМузыкальные интерпретации
_jЗвукозапись
_2nlr_sh
_7ba
606 1 _aКомпозиторы советские и российские
_z20-21 вв.
_jЗвукозапись
_2nlr_sh
606 1 _aКамерно-инструментальная музыка советская
_z20 в.
_jЗвукозапись
_2nlr_sh
606 1 _aФортепианная музыка советских и российских композиторов
_z20-21 вв.
_jЗвукозапись
_2nlr_sh
606 1 _aФортепианные циклы для детей
_jЗвукозапись
_2nlr_sh
606 1 _aДирижёры советские и российские
_z20-21 вв.
_jЗвукозапись
_2nlr_sh
_7ca
606 1 _aАнсамбли инструментальные
_yСССР
_z20 в.
_jЗвукозапись
_2nlr_sh
_7ca
606 1 _aПианисты советские и российские
_z20-21века
_jЗвукозапись
_2nlr_sh
686 0 _aЩ952.12-059(2)
686 0 _aЩ954.2-054(2)
686 0 _aЩ98(2)
700 1 _9z01790
_aЩедрин
_bР. К.
_f1932-2025
_gРодион Константинович
_4230
_7ca
702 1 _9z02790
_aЛазарев
_bА. Н.
_cдирижёр
_f1945-
_gАлександр Николаевич
_4250
_7ca
712 0 2 _aАнсамбль солистов оркестра Большого театра СССР
_4590
_7ca
790 1 _9z01700
_aŠčedrin
_bR. K.
_f1932-2025
_gRodion Konstantinovič
_4230
_7ba
790 1 _9z02702
_aLazarev
_bA.
_cconductor
_f1945-
_gAleksandr
_4250
_7ba
801 0 _aRU
_bNLR
_c20250425
_gPSBO
801 1 _aRU
_bNLR
_c20250425
_2rusmarc
801 2 _aRU
_bNLR
_c20260114
852 _aNLR
_gМг
_j3/10252
_m44288
_t1
942 _cREC
980 _aONIZ
980 _aNB